Statistics for Capitals of the Largest Countries by Area

Click here to take the quiz!

General Stats

  • This quiz has been taken 85,239 times
  • The average score is 14 of 20

Answer Stats

CountryCapital% Correct
RussiaMoscow
98%
United StatesWashington, D.C.
97%
ChinaBeijing
95%
CanadaOttawa
91%
BrazilBrasilia
90%
IndiaNew Delhi
87%
AustraliaCanberra
84%
MexicoMexico City
81%
ArgentinaBuenos Aires
78%
IndonesiaJakarta
68%
AlgeriaAlgiers
65%
IranTehran
60%
MongoliaUlaanbaatar
59%
KazakhstanAstana
55%
Saudi ArabiaRiyadh
54%
D.R. CongoKinshasa
53%
PeruLima
46%
LibyaTripoli
42%
SudanKhartoum
38%
ChadN'Djamena
22%

Score Distribution

Percentile by Number Answered

Percent of People with Each Score

Your Score History

You have not taken this quiz